La conexión emocional : (Registro nro. 236317)

Detalles MARC
000 -LEADER
fixed length control field 02213nam a2200493Ii 4500
001 - CONTROL NUMBER
control field DIGOCTA0017
003 - CONTROL NUMBER IDENTIFIER
control field NyNyDIG
008 - FIXED-LENGTH DATA ELEMENTS--GENERAL INFORMATION
fixed length control field 141201s2012 sp a ob 000 0 spa d
006 - FIXED-LENGTH DATA ELEMENTS--ADDITIONAL MATERIAL CHARACTERISTICS
fixed length control field m o d
007 - PHYSICAL DESCRIPTION FIXED FIELD--GENERAL INFORMATION
fixed length control field cr |||||||||||
020 ## - INTERNATIONAL STANDARD BOOK NUMBER
International Standard Book Number 9788499213262
Qualifying information (eBook ;
-- pdf)
020 ## - INTERNATIONAL STANDARD BOOK NUMBER
Canceled/invalid ISBN 9788499211688
020 ## - INTERNATIONAL STANDARD BOOK NUMBER
Canceled/invalid ISBN 8499211682
020 ## - INTERNATIONAL STANDARD BOOK NUMBER
Canceled/invalid ISBN
035 ## - SYSTEM CONTROL NUMBER
System control number (OCoLC)914248910
040 ## - CATALOGING SOURCE
Original cataloging agency DGITA
Language of cataloging eng
Description conventions rda
-- pn
Transcribing agency DGITA
041 1# - LANGUAGE CODE
Language code of text/sound track or separate title spa
Language code of original cat
050 14 - LIBRARY OF CONGRESS CALL NUMBER
Classification number BF576 eBook
100 1# - MAIN ENTRY--PERSONAL NAME
Personal name Riera i Alibés, Ramon,
Relator term author.
240 10 - UNIFORM TITLE
Uniform title Connexió emocional.
Language of a work Spanish.
245 13 - TITLE STATEMENT
Title La conexión emocional :
Remainder of title formación y transformación de la forma que tenemos de reaccionar emocionalmente /
Statement of responsibility, etc. Ramon Riera i Alibés ; [traducción al castellano: Maria Riera Velasco y Carles Andreu Saburit].
250 ## - EDITION STATEMENT
Edition statement Primera edición [electrónica].
264 #1 - PRODUCTION, PUBLICATION, DISTRIBUTION, MANUFACTURE, AND COPYRIGHT NOTICE
Place of production, publication, distribution, manufacture Barcelona :
Name of producer, publisher, distributor, manufacturer Editorial Octaedro,
Date of production, publication, distribution, manufacture, or copyright notice 2012.
300 ## - PHYSICAL DESCRIPTION
Extent 1 online resource (301 pages)
336 ## - CONTENT TYPE
Content type term text
Content type code txt
Source rdacontent
337 ## - MEDIA TYPE
Media type term computer
Media type code c
Source rdamedia
338 ## - CARRIER TYPE
Carrier type term online resource
Carrier type code cr
Source rdacarrier
490 1# - SERIES STATEMENT
Series statement Con vivencias ;
Volume/sequential designation 5.
500 ## - GENERAL NOTE
General note Primera edición en papel: mayo de 2011. Primera edición electrónica: noviembre de 2012.
500 ## - GENERAL NOTE
General note Translation of: La connexió emocional. Formació i transformació de la nostra manera de reaccionar emocionalment. Barcelona : Octaedro, 2006.
504 ## - BIBLIOGRAPHY, ETC. NOTE
Bibliography, etc. note Includes bibliographical references (pages 145-149).
588 0# - SOURCE OF DESCRIPTION NOTE
Source of description note Online resource; title from ePub and PDF title page (Digitalia, viewed November 15, 2014)
650 #0 - SUBJECT ADDED ENTRY--TOPICAL TERM
Topical term or geographic name entry element Emotions.
655 #0 - INDEX TERM--GENRE/FORM
Genre/form data or focus term Electronic books.
700 1# - ADDED ENTRY--PERSONAL NAME
Personal name Riera Velasco, Maria,
Relator term translator.
700 1# - ADDED ENTRY--PERSONAL NAME
Personal name Andreu Saburit, Carles,
Relator term translator.
791 2# -
-- Digitalia (Firm),
-- distributor.
793 0# -
-- Digitalia eBook Collection:
-- Editorial Octaedro.
776 08 - ADDITIONAL PHYSICAL FORM ENTRY
Relationship information Print version:
Main entry heading Riera i Alibés, Ramon.
Title Conexión emocional : formación y transformación de la forma que tenemos de reaccionar emocionalmente.
Place, publisher, and date of publication Barcelona : Editorial Octaedro, 2012.
International Standard Book Number 9788499211688.
830 #0 - SERIES ADDED ENTRY--UNIFORM TITLE
Uniform title Con vivencias ;
Volume/sequential designation 5.
856 40 - ELECTRONIC LOCATION AND ACCESS
Materials specified Digitalia Hispánica
Uniform Resource Identifier <a href="https://www.digitaliapublishing.com/a/19189/">https://www.digitaliapublishing.com/a/19189/</a>
910 ## - USER-OPTION DATA (OCLC)
User-option data Premium Collection: 2014
942 ## - ADDED ENTRY ELEMENTS (KOHA)
Koha item type Recurso Electrónico
Existencias
Withdrawn status Lost status Damaged status Not for loan Collection Home library Current library Date acquired Total checkouts Date last seen Price effective from Koha item type
        Digitalia Ebooks Hispanica Biblioteca Digital UIN Biblioteca Digital UIN 04/25/2025   04/25/2025 04/25/2025 Recurso Electrónico

CONTACTO


NOSOTROS


SITIOS DE INTERES

coordinacion.biblioteca.biblioteca@unienlinea.mx Misión, Visión y Objetivos Bases de datos
Directorio Bibliotecas Digitales y Repositorios
Normatividad Revistas y artículos
Convenios interbibliotecarios
Boletines



Hecho en México. Universidad Insurgentes (UIN). Todos los derechos reservados 2024. Esta página y sus contenidos pueden ser reproducidos con fines no lucrativos, siempre y cuando no se mutile, se cite la fuente completa y su dirección electrónicas. De otra forma requiere permiso previo por escrito de la institución




2024 Copyright Universidad Insurgentes | www.bibliouin.com.mx